000 00474nam a2200109Ia 4500
008 220216s9999 xx 000 0 und d
100 _aJacob J.
245 0 _aImpact of climate change on natural rubber productivity in different agro-climatic regions of India
260 _bInternational Workshop on Climate Change and Rubber Cultivation: R & D Priorities, 28-30 July 2010, Rubber Research Institute of India, Kottayam, pp.8-11
_c2010
700 _aSatheesh P.R.
942 _cBS
999 _c52251
_d52251